Geotechnical investigation of a selected area using menard’s pressuremeter / (Record no. 533775)

000 -LEADER
fixed length control field 00522nam a22001577a 4500
020 ## - INTERNATIONAL STANDARD BOOK NUMBER
Qualifying information Hard Cover.
082 ## - DEWEY DECIMAL CLASSIFICATION NUMBER
Classification number 624.15
100 ## - MAIN ENTRY--PERSONAL NAME
Personal name Naseem, Ahsan
245 ## - TITLE STATEMENT
Title Geotechnical investigation of a selected area using menard’s pressuremeter /
Statement of responsibility, etc. Ahsan Naseem.
260 ## - PUBLICATION, DISTRIBUTION, ETC.
Place of publication, distribution, etc. Islamabad :
Name of publisher, distributor, etc. NICE - NUST,
Date of publication, distribution, etc. 2015.
300 ## - PHYSICAL DESCRIPTION
Extent viii, 90 p. ill. ;
Dimensions 30cm.
942 ## - ADDED ENTRY ELEMENTS (KOHA)
Source of classification or shelving scheme
Koha item type Thesis
650 ## - SUBJECT ADDED ENTRY--TOPICAL TERM
Topical term or geographic name entry element MS Civil Engineering.
700 ## - ADDED ENTRY--PERSONAL NAME
Personal name Dr. S. Muhammad Jamil . Ph. D
650 ## - SUBJECT ADDED ENTRY--TOPICAL TERM
-- 27346
700 ## - ADDED ENTRY--PERSONAL NAME
-- 27755
Holdings
Withdrawn status Lost status Source of classification or shelving scheme Damaged status Not for loan Permanent Location Current Location Shelving location Date acquired Total Checkouts Full call number Barcode Date last seen Price effective from Koha item type
          Central Library (CL) Central Library (CL) Thesis 01/20/2020   624.15 CL-T-4688 01/20/2020 01/20/2020 Thesis
© 2023 Central Library, National University of Sciences and Technology. All Rights Reserved.